000 01738nam a2200517 i 4500
001 24819
003 KOSZ 005
005 20200429122121.0
008 980713s1996 pl f |000 0 pol
015 _aUWD 1997/3816
020 _a8387012246
035 _a991004765869705066
035 _a(PL-WaBN)b1125631x-48omnis_nlop
035 _ab1125631x
035 _a(OCoLC)751468870
035 _a(PL)b0000001125631
035 _a(EXLNZ-48OMNIS_NETWORK)9910176346005606
040 _aWA N
_cWA N
_dKOSZ 005/EG
080 _a658.1/.5
080 _a657
080 _a(075.8)
080 _a(076)
100 1 _aGąsiorkiewicz, Lech
_d(1946- )
_eAutor
245 1 0 _aWybrane zagadnienia ekonomiki przedsiębiorstw :
_bćwiczenia /
_cLech Gąsiorkiewicz.
260 _aWarszawa :
_bOficyna Wydawnicza Politechniki Warszawskiej,
_c1996.
300 _a76 s. ;
_c24 cm.
336 _2rdacontent
_aTekst
_btxt
337 _2rdamedia
_aBez urządzienia pośredniczącego
_bn
338 _2rdacarrier
_aWolumin
_bnc
380 _aKsiążki
380 _aPublikacje dydaktyczne
385 _mPoziom nauczania
_aSzkoły wyższe
388 _a1901-2000
388 _a1989-2000
504 _aBibliogr. s. 76.
650 7 _aPrzedsiębiorstwo
_2DBN
650 7 _aEkonomika
650 7 _aRachunkowość
_2DBN
655 7 _aPodręczniki akademickie
_2DBN
655 7 _aĆwiczenia i zadania dla szkół wyższych
658 _aGospodarka, ekonomia, finanse
710 2 _aOficyna Wydawnicza Politechniki Warszawskiej
_4pbl
856 _uhttp://koha.tu.koszalin.pl/cgi-bin/koha/opac-detail.pl?biblionumber=24819
_yKatalog online BPK
942 _2UKD
_cKS
999 _c24819
_d24819